Statistics for Name the Island Group or Archipelago

Click here to take the quiz!

General Stats

  • This quiz has been taken 865 times
    (92 since last reset)
  • The average score is 12 of 20

Answer Stats

Some Key IslandsIsland Group% Correct
Honshu, Kyushu, Shikoku, Hokkaido{Japanese} archipelago
92%
Maui, Oahu, Kauai, Molokai{Hawaiian} Islands
88%
Tenerife, Fuerteventura, Gran Canaria, Lanzarote{Canary} Islands
83%
Mallorca, Menorca, Ibiza, Formentera{Balearic} Islands
79%
Jersey, Guernsey{Channel} Islands
79%
Antigua, Dominica, Saint Lucia, Grenada{Lesser} {Antilles}
77%
Cuba, Hispaniola, Jamaica, Puerto Rico{Greater} {Antilles}
73%
Key West, Big Pine Key, Key Largo{Florida} {Keys}
71%
Crete, Lesbos, Andros{Aegean} Islands
64%
Sao Miguel, Sao Jorge, Terceira, Pico{Azores}
61%
Lewis and Harris, Skye, Islay{Hebrides}
55%
Saint Martin, Saint Kitts, Antigua, Montserrat
{Leeward} Islands
54%
Dominica, Saint Lucia, Saint Vincent, Grenada{Windward} Islands
51%
Isabela, Santa Cruz, Fernandina, Santiago{Galápagos} Islands
49%
New Providence, North/South Andros, San SalvadorThe {Bahamas}
48%
Baffin, Victoria, Ellesmere, Banks{Canadian} {Arctic} Archipelago
46%
Sumatra, Borneo, Java, Sulawesi{Greater} {Sunda} Islands
30%
Bali, Flores, Sumba, Timor{Lesser} {Sunda} Islands
30%
Rhodes, Kos, PatmosThe {Dodecanese}
21%
Panay, Negros, Cebu, Bohol{Visayas}
13%

Score Distribution

Percentile by Number Answered

Percent of People with Each Score

Your Score History

You have not taken this quiz since the last reset